Stability of Dynamical Systems : Theory and Applications : Proceedings of the National Science Foundation /

Memoria y contribuciones de la conferencia sobre los sistemas dinámicos y matemáticas aplicadas que realizaron la Conference Board of the Mathematical Sciences (CMBS) y la National Science Foundation (NSF); llevadas a cabo en la Universidad Estatal de Mississippi en EUA del 11 al 15 de agosto de 197...

Descrición completa

Gardado en:
Detalles Bibliográficos
Autor Corporativo: Conference Board of the Mathematical Sciences ( Mississippi, EUA)
Outros autores: Graef, John R. (edición) (edición)
Formato: Procedimiento de la conferencia Libro
Idioma:inglés
Publicado: Nueva York, EUA : Marcel Dekker, 1977, c1977
Series:(Lecture Notes in Pure and Applied Mathematics ; 28)
Temas:
Etiquetas: Engadir etiqueta
Sen Etiquetas, Sexa o primeiro en etiquetar este rexistro!

MARC

LEADER 00000nam^a2200000^a^4500
001 000147958
005 20250521000000.0
009 20260310100005.731
020 |a 0-8247-6410-2 
037 |a Acervo ITESO - Biblioteca 
041 |a ING 
082 |a 515. 35  |b CBMS 1975 
111 |a Conference Board of the Mathematical Sciences (  |d 1975 :  |c Mississippi, EUA) 
245 1 0 |a Stability of Dynamical Systems :  |b Theory and Applications : Proceedings of the National Science Foundation /  |c Ed. de J.R. Graef. 
264 4 |a Nueva York, EUA :  |b Marcel Dekker,  |c 1977, c1977 
300 |a XI, 214 p. 
336 |a texto  |b txt  |2 rdacontenido 
337 |a sin mediación  |b n  |2 rdamedio 
338 |a volumen  |b nc  |2 rdasoporte 
440 1 |a (Lecture Notes in Pure and Applied Mathematics ;  |v 28) 
520 |a Memoria y contribuciones de la conferencia sobre los sistemas dinámicos y matemáticas aplicadas que realizaron la Conference Board of the Mathematical Sciences (CMBS) y la National Science Foundation (NSF); llevadas a cabo en la Universidad Estatal de Mississippi en EUA del 11 al 15 de agosto de 1975. En general los temas abordan la aplicación de la teoría de la estabilidad en diversos campos. 
649 |a XX 
650 |a Ecuaciones Diferenciales -  |x Congresos 
650 |a Ecuaciones Integrales -  |x Congresos 
650 |a Estabilidad -  |x Teoría -  |x Congresos 
650 |a Oscilaciones 
650 |a Precios 
650 |a Estabilidad Económica 
650 |a Sistemas No Lineales 
650 |a Funciones de Lyapunov 
650 |a Control -  |x Teoría 
650 |a Procesos Estocásticos 
650 |a Ecuaciones 
650 |a Análisis Matemático 
650 |a Matemáticas de Ingeniería 
650 |a Matemáticas Financieras 
650 |a Mecánica Ondulatoria 
650 |a Física 
650 |a Sistemas Dinámicos 
650 |a Matemáticas -  |x Congresos 
700 |a Graef, John R.  |e (edición) 
910 |a Fondo General 
920 |a Impresos - Libros 
930 |a Colección General 
905 |a 101 
901 |a 0500077365  |b IT1  |c ACC  |u 20250521 
902 |a https://opac.biblio.iteso.mx/vufind/Record/000147958